El derecho a la libertad religiosa en las relaciones iglesia-estado Perspectiva histr̤ica e implicaciones actuales /

Detalles Bibliográficos
Autor principal: Palomino Lozano, Rafael
Otros Autores: Salinas Mengual, Jorge
Formato: eBook
Lenguaje:español
Publicado: Madrid: Dykinson, 2020
Materias:
Acceso en línea:Acceso restringido

MARC

LEADER 00000nam a22000007a 4500
005 20201112221751.0
007 cr|||| ||||
008 201112s2020 es |||||s|||| 00||0 spa d
020 |a 978-84-1324-855-4 
035 |a 32245 
040 |a vLex 
090 |c 10855  |d 10855 
100 1 |a Palomino Lozano, Rafael 
245 1 2 |a El derecho a la libertad religiosa en las relaciones iglesia-estado  |h [Recurso electrn̤ico] :  |b Perspectiva histr̤ica e implicaciones actuales /  |c Rafael Palomino Lozano, Jorge Salinas Mengual 
256 |a Servicio en ln̕ea 
260 |a Madrid:  |b Dykinson,  |c 2020 
300 |a 1 recurso electrn̤ico 
500 |a En un mundo globalizado como en el que vivimos, la pluralidad religiosa, entre otras, es una seą identitaria de nuestra sociedad, y su proyeccin̤ en el m̀bito social implica una relacin̤ de cooperacin̤ y dil̀ogo con los poderes pb︢licos que no puede obviarse. El presente libro es una obra de carc̀ter divulgativo, pensada para el pb︢lico en general, donde se abordan aspectos relacionados con el derecho fundamental a la libertad religiosa, primero desde una perspectiva histr̤ica, y posteriormente desde un m̀bito sistemt̀ico, reflexionando sobre temas como el rǧimen propio de las confesiones religiosas y la situacin̤ de los ministros de culto que a ellas pertenecen o el tema de su financiacin̤, as ̕como todo lo relativo a los lugares de culto y al patrimonio histr̤ico de ellas dependiente; recogiendo, tambiň, la temt̀ica de la asistencia religiosa en espacios denominados de “especial sujecin̤”, como son los hospitales, centros penitenciarios y las Fuerzas Armadas, y profundizando en un tema de gran actualidad como son las peculiaridades identitarias de las diferentes Confesiones en materia alimentaria, festividades y simbologa̕ religiosa, para finalmente ahondar en el contenido de tres derechos que guardan una relacin̤ intrn̕seca con la libertad religiosa: el derecho a la objecin̤ de conciencia, los denominados derechos educativos y el derecho matrimonial religioso y sus implicaciones en el orden civil. Reflexionar sobre todos estos temas, en una sociedad que necesita el dil̀ogo para crear vn̕culos de paz, libertad y tolerancia, es un proyecto al que este trabajo puede contribuir, a la vez que puede servir de instrumento para ayudar al lector en el conocimiento de asuntos que, en nuestra sociedad actual, estǹ con frecuencia en el candelero. 
506 1 |a Disponible solo en los productos indicados  |d vLex Global  |d vLex Global (Academic Edition, excluding Law Schools)  |d vLex Global (U.S. Academic Edition, Law Schools)  |d vLex Global (U.S. Academic Edition, excluding Law Schools)  |d vLex Global (Academic Edition, Law Schools) 
650 0 4 |a Derecho Militar  |z Espaą 
700 1 |a Salinas Mengual, Jorge 
740 0 |a vLex Libros (Servicio en ln̕ea) 
856 4 0 |u http://vlex.com/source/derecho-a-la-libertad-religiosa-en-las-relaciones-iglesia-estado-perspectiva-historica-e-implicaciones-actuales-32245  |z Acceso restringido 
942 |c BOOK 
999 0 |a Military Law